Beyond Ambedkar: (Record no. 38041)

MARC details
000 -LEADER
fixed length control field 00798nam a22002177a 4500
005 - DATE AND TIME OF LATEST TRANSACTION
control field 20100728120528.0
010 ## - LCCN (DPL NO)
LC control number ENG-97149
020 ## - INTERNATIONAL STANDARD BOOK NUMBER
International Standard Book Number 9788124114193
Terms of availability 595.00
035 ## - SYSTEM CONTROL NUMBER
System control number EN-80682
037 ## - SOURCE OF ACQUISITION
Source of stock number/acquisition DBAD/PUB
082 ## - DEWEY DECIMAL CLASSIFICATION NUMBER
Classification number 820.0355
100 ## - MAIN ENTRY--PERSONAL NAME
Personal name Nandu Ram
245 ## - TITLE STATEMENT
Title Beyond Ambedkar:
Remainder of title essays in dalits in India /
Statement of responsibility, etc by Nandu Ram
250 ## - EDITION STATEMENT
Edition statement rev. ed.
260 ## - PUBLICATION, DISTRIBUTION, ETC. (IMPRINT)
Place of publication, distribution, etc New Delhi
Name of publisher, distributor, etc Har-Anand Publications
Date of publication, distribution, etc 2009
270 ## - ADDRESS
Address E-49/3, Okhla Industrial Area Phase-II, New Delhi
City New Delhi
Postal code 110020
300 ## - PHYSICAL DESCRIPTION
Extent 392p.
Dimensions 22cm (Hb)
500 ## - GENERAL NOTE
General note Includes bibliographical reference and index
942 ## - ADDED ENTRY ELEMENTS (KOHA)
Source of classification or shelving scheme Dewey Decimal Classification
Item type English Books
Classification part 820.0355
Call number suffix NAN
Holdings
Withdrawn status Lost status Not for loan Collection code Home library Current library Date acquired Source of acquisition Cost, normal purchase price Full call number Barcode Copy number Cost, replacement price Koha item type
    Not For Loan Non-fiction D.B.Act.Division D.B.Act.Division 28/07/2010 DBAD/PUB 595.00 820.0355 NAN EN-80682 1 595.00 English Books

© Delhi Public Library
Hit Counter
free hit counter